LDR 01099naa#a2200217#i#450# 001 RU\\bibl\118686 005 20260514122748.4 011 ## _a1994-4683 100 ## _a20230428b2023####ek#y0rusy0150####ca 102 ## _aRU 200 1# _aИЗУЧЕНИЕ ПЛАНИРОВАНИЯ ДИФФЕРЕНЦИРОВАННОЙ ФИЗИЧЕСКОЙ НАГРУЗКИ У СТУДЕНТОВ СПЕЦИАЛЬНОЙ МЕДИЦИНСКОЙ ГРУППЫ "А" ИМЕЮЩИХ СОЧЕТАННЫЕ ЗАБОЛЕВАНИЯ _eЖурнальная статья 210 1# _aМосква _cНациональный государственный Университет физической культуры, спорта и здоровья им. П.Ф. Лесгафта _d2023 215 ## _a4 с. 608 ## _aЖурнальная статья _2local 675 ## _aФизические упражнения. 796.012.6 _z 700 #1 _aДоронцев _gА В 700 #1 _aПорубайко _gЛ Н 700 #1 _aЕрмолина _gН В 700 #1 _aМорозова _gО В 700 #1 _aЛямина _gЮ А 856 4# _auchzapiski.lesgaft.spb.ru _u